Buying time to negotiate (Record no. 69592)
[ view plain ]
| 000 -LEADER | |
|---|---|
| fixed length control field | 01232cam a2200265 4500 |
| 001 - CONTROL NUMBER | |
| control field | ABS65159 |
| 008 - FIXED-LENGTH DATA ELEMENTS--GENERAL INFORMATION | |
| fixed length control field | 020226n2002 000 0 eng u |
| 035 ## - SYSTEM CONTROL NUMBER | |
| System control number | (Sirsi) u116849 |
| 100 ## - MAIN ENTRY--PERSONAL NAME | |
| Personal name | Highmore, R |
| 245 ## - TITLE STATEMENT | |
| Title | Buying time to negotiate |
| 260 ## - PUBLICATION, DISTRIBUTION, ETC. | |
| Date of publication, distribution, etc. | 2002 |
| 490 ## - SERIES STATEMENT | |
| Series statement | Solicitors' Journal |
| Volume/sequential designation | 146(2) 18 January 2002, 39-40(2) |
| 520 ## - SUMMARY, ETC. | |
| Summary, etc. | Outlines measures landlords can adopt to avoid giving security of tenure inadvertently while negotiating new or extended leases, protection an occupier can acquire under Pt II Landlord and Tenant Act 1954. Cites several cases including recent "Cricket Ltd v Shaftesbury plc" , where a term of less than six months was granted, to avoid protection. Amendments to th Act are currently being considered, which may remove some of these difficulties. |
| 590 ## - LOCAL NOTE (RLIN) | |
| Local note | ABS |
| 650 ## - SUBJECT ADDED ENTRY--TOPICAL TERM | |
| Topical term or geographic name entry element | LANDLORD AND TENANT ACT 1954 PT II |
| 650 ## - SUBJECT ADDED ENTRY--TOPICAL TERM | |
| Topical term or geographic name entry element | CRICKET LTD V SHAFTESBURY |
| 650 ## - SUBJECT ADDED ENTRY--TOPICAL TERM | |
| Topical term or geographic name entry element | JAVAD V AQIL |
| 650 ## - SUBJECT ADDED ENTRY--TOPICAL TERM | |
| Topical term or geographic name entry element | CARDIOTHORACIC INSTITUTE V SHREWDCREST LTD |
| 650 ## - SUBJECT ADDED ENTRY--TOPICAL TERM | |
| Topical term or geographic name entry element | WALJI V MOUNT COOK LAND LTD |
| 650 ## - SUBJECT ADDED ENTRY--TOPICAL TERM | |
| Topical term or geographic name entry element | LONDON BAGGAGE CO (CHARING CROSS) LTD V RAILTRACK PLC |
| 650 ## - SUBJECT ADDED ENTRY--TOPICAL TERM | |
| Topical term or geographic name entry element | LANDLORD AND TENANT ACT 1730 |
| 690 ## - LOCAL SUBJECT ADDED ENTRY--TOPICAL TERM (OCLC, RLIN) | |
| Topical term or geographic name as entry element | Landlord and tenant |
| 9 (RLIN) | 6252 |
| 700 ## - ADDED ENTRY--PERSONAL NAME | |
| Personal name | Clutton, G. |
| 942 ## - ADDED ENTRY ELEMENTS (KOHA) | |
| Suppress in OPAC | 0 |
| Withdrawn status | Lost status | Source of classification or shelving scheme | Damaged status | Not for loan | Home library | Current library | Shelving location | Date acquired | Total Checkouts | Full call number | Barcode | Date last seen | Copy number | Price effective from | Koha item type |
|---|---|---|---|---|---|---|---|---|---|---|---|---|---|---|---|
| Dewey Decimal Classification | London | London | Journal article | 26/02/2002 | ABS65159 | 116849-1001 | 06/08/2019 | 1 | 06/08/2019 | Journal article |